Bách khoa toàn thư : Lịch sử thế giới Anh- Việt
Đã lưu trong:
| Định dạng: | Sách |
|---|---|
| Ngôn ngữ: | Undetermined |
| Được phát hành: |
Hà Nội
Từ điển Bách khoa
2007
|
| Những chủ đề: | |
| Các nhãn: |
Thêm thẻ
Không có thẻ, Là người đầu tiên thẻ bản ghi này!
|
| Thư viện lưu trữ: | Trung tâm Học liệu Trường Đại học Cần Thơ |
|---|
| LEADER | 00626nam a2200181Ia 4500 | ||
|---|---|---|---|
| 001 | CTU_129347 | ||
| 008 | 210402s9999 xx 000 0 und d | ||
| 020 | |c 220000 | ||
| 082 | |a 909 | ||
| 082 | |b B102 | ||
| 245 | 0 | |a Bách khoa toàn thư : Lịch sử thế giới Anh- Việt | |
| 245 | 0 | |c Trường Thịnh ... [et al.] | |
| 260 | |a Hà Nội | ||
| 260 | |b Từ điển Bách khoa | ||
| 260 | |c 2007 | ||
| 650 | |a World history,Encyclopedias and dictionaries,Lịch sử thế giới,Bách khoa toàn thư | ||
| 904 | |i Tuyến | ||
| 980 | |a Trung tâm Học liệu Trường Đại học Cần Thơ | ||